| 000 | | | 06101cmc2a2200000 x 450 |
| 001 | | | 44960e6f-c076-47cc-a4da-0dfab514ad6e |
| 005 | | | 20161019152705.0 |
| 200 | 1# | $a | Топографическая карта земельных участков, отведенных под пастбища городу Выборгу |
| | $j | 1785 |
| 300 | ## | $a | Заголовок также: Топографическая карта земельных участков, отведенных под пастбища городу Выборгу. Ватман. Составлена в 1785 году |
| 300 | ## | $a | На финском языке |
| 300 | ## | $a | Бумага. Тушь, карандаш, акварель |
| 300 | ## | $a | Рукописный текст. Чернила |
| 937 | ## | $h | ПБ |
| 801 | #0 | $a | RU |
| | $b | ПБ им. Б.Н. Ельцина |
| | $c | 20160111 |
| | $2 | rusmarc |
| 801 | #1 | $a | RU |
| | $b | ПБ им. Б.Н. Ельцина |
| | $c | 20161013 |
| | $2 | rusmarc |
| 801 | #2 | $a | RU |
| | $b | ПБ им. Б.Н. Ельцина |
| | $c | 20161013 |
| | $g | RCR |
| | $2 | rusmarc |
| 100 | ## | $a | 20161013l17851785k y0rusy са |
| 101 | 0# | $a | fin |
| 102 | ## | $a | FI |
| 120 | ## | $a | byy |
| 121 | ## | $a | aaaaxa |
| 122 | 0# | $a | d1785###### |
| 123 | 1# | $a | a |
| 124 | ## | $a | a |
| | $b | d |
| 215 | ## | $a | 1 лист |
| 251 | ## | $c | Документ |
| 517 | 1# | $a | Топографическая карта земельных участков, отведенных под пастбища городу Выборгу. Ватман. Составлена в 1785 году |
| 461 | #0 | $1 | 001c4c30068-c070-47bb-88e5-61dd43074524 |
| | $1 | 2001 |
| | $a | Карты, планы, чертежи г. Выборга, Выборгской, Куопиоской, Миккельской губерний |
| | $1 | 251 |
| | $c | Фонд |
| | $1 | 852 |
| | $j | 531 |
| 462 | #0 | $1 | 0019a75f7fa-d3a6-4108-9e3d-0cd6123cd871 |
| | $1 | 2000 |
| | $a | Оп. 1 |
| | $v | Ед. хр. 84 |
| | $1 | 251 |
| | $c | Опись |
| | $1 | 852 |
| | $j | 1 |
| 850 | ## | $a | Государственное казенное учреждение "Ленинградский областной государственный архив в г. Выборге" (ЛОГАВ) |
| 852 | ## | $a | Лен. обл. гос. архив в г. Выборге |
| | $j | 84 |
| 686 | ## | $2 | rubbk |
| | $a | 63.3(2Рос-4Лен-2Выборг)5я64 |
| | $v | LBC/M |
| 617 | ## | $2 | prlib_sh |
| | $c | Ленинградская область |
| 617 | ## | $c | Выборгская губерния |
| | $2 | prlib_sh |
| 608 | ## | $2 | prlib_sh |
| | $3 | LIBNET\UAF\0000064479 |
| | $a | Топографические карты |
| | $y | Россия |
| 605 | ## | $2 | acquisition_Prlib |
| | $3 | LIBNET\UAF\0000011043 |
| | $a | Ленинградская область: страницы истории |
| | $l | коллекция |
| 605 | ## | $a | Территория России: Ленинградская область |
| | $l | коллекция |
| | $2 | acquisition_Prlib |
| | $3 | LIBNET\UAF\0000039012 |
| 605 | ## | $a | Территория |
| | $l | коллекция |
| | $2 | acquisition_Prlib |
| | $3 | DITM\AF\0000004675 |
| 606 | 1# | $2 | prlib_sh |
| | $3 | LIBNET\UAF\0000064481 |
| | $a | Пастбища |
| | $j | Карты |
| | $y | Выборгская губерния |
| 509 | 01 | $a | Выборг |
| | $c | окрестности |
| | $h | город |
| | $l | Карта |
| 856 | 4# | $u | http://www.prlib.ru/Lib/pages/item.aspx?itemid=142630 |